Normal view MARC view
  • Rasheed , NC Aamer Muhammad (TCC-14)

Entry Personal Name

Number of records used in: 1

001 - CONTROL NUMBER

  • control field: 131879

003 - CONTROL NUMBER IDENTIFIER

  • control field: NUST

005 - DATE AND TIME OF LATEST TRANSACTION

  • control field: 20251113133452.0

008 - FIXED-LENGTH DATA ELEMENTS

  • fixed length control field: 251113|| aca||aabn | a|a d

040 ## - CATALOGING SOURCE

  • Original cataloging agency: NUST
  • Transcribing agency: NUST

100 ## - HEADING--PERSONAL NAME

  • Personal name: Rasheed , NC Aamer Muhammad (TCC-14)

670 ## - SOURCE DATA FOUND

  • Source citation: Work cat.: (NUST)183528: Rasheed , NC Aamer Muhammad (TCC-14), Implementation of real-time smart antenna system /, 2006
© 2023 Central Library, National University of Sciences and Technology. All Rights Reserved.